000 00222nam a22000857a 4500
008 161101b xxu||||| |||| 00| 0 eng d
100 _91011
_aSharma.B.C.
245 _aAccountancy-XII
260 _aNew Delhi
_bABD Publications
_c2012
999 _c3671
_d3671